LIBRARY & INFORMATION CENTRE, KCAET, TAVANUR

ONLINE PUBLIC ACCESS CATALOGUE (OPAC)

Applied thermodynamics problems for engineers / (Record no. 6763)

MARC details
000 -LEADER
fixed length control field 00444cam a2200169ua 4500
041 ## - LANGUAGE CODE
Language code of text/sound track or separate title eng
082 ## - DEWEY DECIMAL CLASSIFICATION NUMBER
Classification number 621.4021
Item number PEE/AP
100 ## - MAIN ENTRY--AUTHOR NAME
Personal name Peek, W.J .
245 ## - TITLE STATEMENT
Title Applied thermodynamics problems for engineers /
250 ## - EDITION STATEMENT
Edition statement 2 /
260 ## - PUBLICATION, DISTRIBUTION, ETC. (IMPRINT)
Place of publication London :
Name of publisher Edward Arnold Publications Ltd ,
Year of publication 1968.
300 ## - PHYSICAL DESCRIPTION
Number of Pages 394 ; .
700 1# - ADDED ENTRY--PERSONAL NAME
Personal name Richmond, A.J .
942 ## - ADDED ENTRY ELEMENTS (KOHA)
Koha item type Books
Holdings
Withdrawn status Lost status Damaged status Home library Current library Date acquired Full call number Accession Number Koha item type
      KAUAET KAUAET 07/04/2012 621.4021 12460 Books
free website counter